Conferencias de mesa redonda : presididas durante su campaña electoral por el Licenciado Miguel Alemán, 27 de agosto de 1945-17 de junio de 1946 /
Saved in:
| Other Authors: | , |
|---|---|
| Format: | Book |
| Language: | Spanish |
| Published: |
México :
Biblioteca Mexicana de la Fundación Miguel Alemán,
2009.
|
| Subjects: | |
| Tags: |
Add Tag
No Tags, Be the first to tag this record!
|
| LEADER | 01179cam a2200301Ia 4500 | ||
|---|---|---|---|
| 001 | 012192166-2 | ||
| 005 | 20140923170623.0 | ||
| 008 | 100223s2009 mx ac b 000 0 spa d | ||
| 035 | 0 | |a ocn526668633 | |
| 040 | |a IXA |b eng |c IXA |d OCLCQ |d OCLCF | ||
| 043 | |a n-mx--- | ||
| 090 | |a HC135 |b .C66 2009 | ||
| 245 | 0 | 0 | |a Conferencias de mesa redonda : |b presididas durante su campaña electoral por el Licenciado Miguel Alemán, 27 de agosto de 1945-17 de junio de 1946 / |c introduccion y síntesis [de] Manuel Germán Parra. |
| 260 | |a México : |b Biblioteca Mexicana de la Fundación Miguel Alemán, |c 2009. | ||
| 300 | |a xxxviii, 557, 18 pages : |b illustrations ; |c 28 cm | ||
| 336 | |a text |b txt |2 rdacontent | ||
| 337 | |a unmediated |b n |2 rdamedia | ||
| 338 | |a volume |b nc |2 rdacarrier | ||
| 500 | |a "Facsímil de la edición de 1949." | ||
| 504 | |a Includes bibliographical references. | ||
| 648 | 7 | |a Since 1918 |2 fast | |
| 650 | 7 | |a Economic history. |2 fast |0 (OCoLC)fst00901974 | |
| 651 | 0 | |a Mexico |x Economic conditions |y 1918- | |
| 651 | 7 | |a Mexico. |2 fast |0 (OCoLC)fst01211700 | |
| 700 | 1 | |a Alemán, Miguel, |d 1905-1983. | |
| 700 | 1 | |a Parra, Manuel Germán. | |
| 988 | |a 20100201 | ||
| 906 | |0 OCLC | ||


